000 00897nam a2200289 i 4500
001 000013098
003 DO-SdBNP
005 20250321113219.0
007 ta
008 091120s1997 dr 000 f spa d
020 _a848400239X
040 _aDO-SdBNP
_bspa
_cBNPHU
_erda
082 4 _aRD863.44
_bS161m
_222
100 1 _aSalazar, Manuel,
_eautor
_4aut.
_92454
245 1 0 _aAl margen :
_bcasicuentos y relatos /
_cManuel Salazar.
250 _aPrimera edición
264 4 _aSanto Domingo, República Dominicana :
_bEditora Taller,
_c©1997.
300 _a47 páginas ;
_c23 cm.
336 _atexto
_btxt
_2rdacontent
337 _asin mediación
_bnc
_2rdamedia
338 _avolumen
_bnc
_2rdacarrier
590 _aInventariado, 2020 /MAA
650 4 _aCuentos dominicanos
_9176
650 4 _aLiteratura dominicana.
_967
910 _aValidado. Control de calidad MFF
942 _2ddc
_cLBS1
999 _c12740
_d12740